书目信息 |
| 题名: |
管理模式
|
|
| 作者: | 孙琦 著 | |
| 分册: | ||
| 出版信息: | 北京 中国人民大学出版社 2005 |
|
| 页数: | 210 | |
| 开本: | 21cm | |
| 丛书名: | ||
| 单 册: | ||
| 中图分类: | F471.2 | |
| 科图分类: | ||
| 主题词: | 工业经济 , 国际贸易 | |
| 电子资源: | ||
| ISBN: | 7-300-04444-1 | |
| 000 | 00507nam0 2200193 450 | |
| 001 | 0753815641 | |
| 005 | 20070930145655.64 | |
| 010 | @a7-300-04444-1@d¥29.00 | |
| 100 | @a20070930d km y0chiy0120 ea | |
| 101 | 0 | @achi |
| 200 | 1 | @a管理模式@Aguan li mo shi@f孙琦著@Fsun qi zhu |
| 210 | @a北京@c中国人民大学出版社@d2005 | |
| 215 | @a210@d21cm | |
| 606 | 0 | @a工业经济 |
| 606 | 0 | @a国际贸易 |
| 690 | @aF471.2@v3 | |
| 701 | 0 | @a孙琦@Asun qi@4著 |
| 801 | 0 | @aCN@bPFT@c20070930 |
| 905 | @a213230@dF471.2@eg18@f1 | |
| 管理模式/孙琦著.-北京:中国人民大学出版社,2005 |
| 210;21cm |
| ISBN 7-300-04444-1:¥29.00 |
| ● |
| 相关链接 |
|
|
|
|
正题名:管理模式
索取号:F471.2/g18
 
预约/预借
| 序号 | 登录号 | 条形码 | 馆藏地/架位号 | 状态 | 备注 |
| 1 | 6504215 | 265042152 | 密集书库-海洋学院/ [索取号:F471.2/g18] | 在馆 |